00763nam a22002057a 450000500170000000800410001702000180005804000410007604100080011710000330012524501660015825000230032426000450034730000170039265000200040965000310042965000250046070000360048570000360052120250915090402.0230918b ||||| |||| 00| 0 eng d a9789587924343 aCO-BoUCMcDavid MorenodDavid Moreno aspa1 aFlores Ríos, Angela Maryes10aGestión de la información ambiental en las organizaciones /cAngela Maryed Flores Ríos, Beatriz Elena Moreno Restrepo, Carlos Augusto Rincón Soto... [et] aPrimera edición  aBogotá, COL bEdiciones de la U c2022 a284 Paginas 17aMedio Ambiente 17aResponsabilidad Ambiental 17aNormativa ambiental 1 aMoreno Restrepo, Beatriz Elena 1 aRincón Soto, Carlos Augusto